Missing Word: Basketball Movies Quiz Stats

 Plays Quiz Updated Nov 15, 2015

Challenge
Share
Tweet
Embed
Score 0/18 Timer 02:00
1 Play Today
Movie Missing Word % Correct
White Men Can't ____Jump
96.1%
Space ___Jam
92.9%
He Got ____Game
83.9%
The _________ DiariesBasketball
75.1%
Semi-___Pro
71.4%
_____ CarterCoach
71.3%
____ DreamsHoop
70.5%
_____ The RimAbove
62.2%
The ___ Up ThereAir
61%
Movie Missing Word % Correct
_____ WolfTeen
59.4%
_______ ForresterFinding
56.6%
____ ChipsBlue
49.6%
Glory ____Road
49.2%
Celtic _____Pride
47.4%
Harvard ___Man
27.2%
The ____That Saved PittsburghFish
26.5%
______ ParisForget
21.4%
The _____ ManSixth
17.4%

Today's Daily Dose

You're not logged in!

Compare scores with friends on all Sporcle quizzes.
Join for Free
OR
Log In

You Might Also Like...

Show Comments

Extras

Top Quizzes Today


Score Distribution

Your Account Isn't Verified!

In order to create a playlist on Sporcle, you need to verify the email address you used during registration. Go to your Sporcle Settings to finish the process.

Report this User

Report this user for behavior that violates our Community Guidelines.

Details: